000
00315nam a2200109Ia 4500
008
171211s9999 xx 000 0 und d
245
4
_a
The Patterns of Architecture: Architectural Design
245
_c
Mark Garcia
260
_c
2010
650
_x
Architecture
856
_u
http://down.ebook777.com/064/0470699590.pdf
999
_c
350017
_d
350017